Estudo sobre a coriza infecciosa das galinhas, 1: caracteres culturais, bioquimicos e sorologicos de 17 amostras de Haemophilus isoladas no Brasil [Bacteria] (Registro n. 107183)
[ somente texto ]
| 000 -LÍDER | |
|---|---|
| campo de controle de tamanho fixo | 01209nas a2200301 4500 |
| 001 - NÚMERO DE CONTROLE | |
| campo de controle | BR8103420 |
| 003 - IDENTIFICADOR DO NÚMERO DE CONTROLE | |
| campo de controle | BR-BrBNA |
| 005 - DATA E HORÁRIO DA ÚLTIMA TRANSAÇÃO | |
| campo de controle | 20231205084753.0 |
| 007 - CAMPO FIXO DE DESCRIÇÃO FÍSICA--INFORMAÇÃO GERAL | |
| campo de controle de tamanho fixo | ta |
| 008 - CAMPO DE DADOS FIXOS--INFORMAÇÃO GERAL | |
| campo de controle de tamanho fixo | 230509b bl.|||p| |||| 00| 00por d |
| 040 ## - FONTE DA CATALOGAÇÃO | |
| Instituição da catalogação original | BR-BrBNA |
| Idioma da catalogação | por |
| Instituição que transcreveu o registro | Biblioteca Nacional de Agricultura |
| 041 ## - CÓDIGO DE IDIOMA | |
| Código do idioma do texto/trilha sonora ou título diferente | (Pt) |
| 072 ## - CÓDIGO DE CATEGORIA DE ASSUNTO | |
| Código de Categoria de Assunto | L73 |
| 100 1# - ENTRADA PRINCIPAL--NOME PESSOAL | |
| Nome pessoal | Narita, H. |
| 100 1# - ENTRADA PRINCIPAL--NOME PESSOAL | |
| Nome pessoal | Hipolito, O. |
| 100 1# - ENTRADA PRINCIPAL--NOME PESSOAL | |
| Nome pessoal | Bottino, J.A. |
| 111 1# - ENTRADA PRINCIPAL--NOME DO EVENTO | |
| Nome do evento ou lugar | 16. Congresso Mundial de Avicultura |
| Local do evento | Rio de Janeiro, RJ (Brazil) |
| Data do evento ou assinatura do tratado | 1979 |
| 245 1# - TÍTULO | |
| Título | Estudo sobre a coriza infecciosa das galinhas, 1: caracteres culturais, bioquimicos e sorologicos de 17 amostras de Haemophilus isoladas no Brasil [Bacteria] |
| 246 1# - FORMA VARIANTE DO TÍTULO | |
| Título/título abreviado | Studies on infectious coryza of chickens, 1: cultural biochemical and serological characteristics of 17 strains of Haemophilus isolated in Brazil [Bacteria] |
| 650 ## - ASSUNTO--TERMO TÓPICO | |
| Cabeçalho tópico ou nome geográfico | Doenca animal |
| 650 ## - ASSUNTO--TERMO TÓPICO | |
| Cabeçalho tópico ou nome geográfico | Galinha |
| 650 ## - ASSUNTO--TERMO TÓPICO | |
| Cabeçalho tópico ou nome geográfico | Coriza infecciosa |
| 650 ## - ASSUNTO--TERMO TÓPICO | |
| Cabeçalho tópico ou nome geográfico | Bacteria |
| 650 ## - ASSUNTO--TERMO TÓPICO | |
| Cabeçalho tópico ou nome geográfico | Analise quimica |
| 773 0# - ENTRADA ANALÍTICA | |
| Título | Revista da Faculdade de Medicina Veterinaria e Zootecnia da Universidade de Sao Paulo (Brazil) |
| ISSN - International Standard Serial Number | ISSN 0303-7525 |
| Partes relacionadas | (1980), v. 17(1-2) p. 29-31 |
| Número de controle do registro | BR8103420 |
| 909 ## - | |
| -- | 202311 |
| -- | Lúcia |
| -- | 55 |
| -- | Lúcia Elande |
| 942 ## - ELEMENTOS DE ENTRADA ADICIONADOS (KOHA) | |
| Fonte da classificação ou esquema de arquivamento na estante | Classificação AGRIS |
| Ocultar no OPAC | Não |
| Tipo de material Koha | Analítica |
| Situação do descarte | Fonte da classificação ou esquema de arquivamento na estante | Situação física | Não pode ser emprestado | Biblioteca de origem | Biblioteca atual | Localização na estante | Enumeração do periódico / cronologia | Total de empréstimos | Data de último acesso | Número do exemplar | Tipo de material Koha | Fonte de aquisição |
|---|---|---|---|---|---|---|---|---|---|---|---|---|
| Classificação AGRIS | Consulta local | Biblioteca Nacional de Agricultura - Binagri | Biblioteca Nacional de Agricultura - Binagri | (1980), v. 17(1-2) p. 29-31 | 29/11/2023 | 01 | Periódicos | Portaria Interministerial nº 164/94 |

BINAGRI